| Tag |
First Indicator |
Second Indicator |
Subfields |
| LEADER |
00000cam a2200000 4500 |
| 001 |
in00000064370 |
| 005 |
20151008051805.0 |
| 008 |
760416s1952 cau b 00010 eng |
| 010 |
|
|
|a 52028231
|
| 035 |
|
|
|a (OCoLC)02117670
|
| 035 |
|
|
|9 AAG9999AM
|
| 040 |
|
|
|a DLC
|c TXS
|d TXA
|d UtOrBLW
|
| 049 |
|
|
|a TXAM
|c [421745]
|
| 050 |
|
0 |
|a GV345
|b .K6
|
| 082 |
0 |
|
|a 371.732
|
| 092 |
|
|
|a 371.732
|b K671d, 1952
|
| 100 |
1 |
|
|a Knapp, Maud Lombard,
|d 1897-
|
| 245 |
1 |
0 |
|a Democratic leadership in physical education /
|c by Maud L. Knapp [and] Frances Todd.
|
| 264 |
|
1 |
|a Palo Alto, Calif. :
|b National Press,
|c [1952]
|
| 300 |
|
|
|a 50 pages ;
|c 22 cm.
|
| 336 |
|
|
|a text
|b txt
|2 rdacontent
|
| 337 |
|
|
|a unmediated
|b n
|2 rdamedia
|
| 338 |
|
|
|a volume
|b nc
|2 rdacarrier
|
| 650 |
|
0 |
|a Physical education and training.
|
| 999 |
|
|
|a MARS
|
| 999 |
f |
f |
|s e244cd9f-dd18-3e9a-9e15-6b4937466094
|i 4984339a-3b67-3ce9-9cf4-bded4f2273ca
|t 0
|
| 952 |
f |
f |
|p ric
|a Texas A&M University
|b Rellis Campus
|c Joint Library Facility
|d Remote Storage
|t 0
|e GV345 .K6
|h Library of Congress classification
|i unmediated -- volume
|m A14800844980
|
| 998 |
f |
f |
|a GV345 .K6
|t 0
|l Remote Storage
|